A crecer Cantando/ Zunilda Pierret de Morel (Registro nro. 10031)

Detalles MARC
000 -LEADER
fixed length control field 00478nam a22001811a 4500
001 - CONTROL NUMBER
control field 10031
003 - CONTROL NUMBER IDENTIFIER
control field OSt
005 - DATE AND TIME OF LATEST TRANSACTION
control field 20260204212143.0
008 - FIXED-LENGTH DATA ELEMENTS--GENERAL INFORMATION
fixed length control field 070802s2000||||dr ||||||b||||||||||spa||
020 ## - NUMERO DE LIBRO INTERNACIONAL NORMALIZADO
International Standard Book Number 9993401099
050 ## - LIBRARY OF CONGRESS CALL NUMBER
Classification number RD782.42 P616c
100 ## - ASIENTO PRINCIPAL -- NOMBRE PERSONAL
Personal name Pierret de Morel, Zunilda
245 ## - TÍTULO PROPIAMENTE DICHO: SUBTÍTULO
Title A crecer Cantando/ Zunilda Pierret de Morel
264 ## - PRODUCTION, PUBLICATION, DISTRIBUTION, MANUFACTURE, AND COPYRIGHT NOTICE
Place of production, publication, distribution, manufacture República Dominicana: Amigo del Hogar
300 ## - PHYSICAL DESCRIPTION
Extensión 62.p
650 ## - ASIENTO SECUNDARIO DE MATERIA -- TERMINO TEMÁTICO
Termino Temático Como Elemento de Entrada Canciones Infantiles y Tít.Ì
942 ## - ADDED ENTRY ELEMENTS (KOHA)
Source of classification or shelving scheme Dewey Decimal Classification
Koha item type Libros
Existencias
Withdrawn status Lost status Source of classification or shelving scheme Damaged status Not for loan Current library Date acquired Full call number Barcode Date last seen Price effective from Koha item type
    Dewey Decimal Classification Dañado   Biblioteca UTECO 09/09/2019 RD782.42 P616C 012902 09/09/2019 09/09/2019 Libros
© 2021 Derechos Reservados UTECO - Teléfono: +1 809-585-2291 - Correo electrónico: biblioteca@uteco.edu.do​  
Código postal 43000 ​​
Dirección: Avenida Universitaria No. 100, 
Cotuí, Provincia Sánchez Ramírez, República Dominicana - RNC: 404-00059-6